000 00719nam a2200241Ia 4500
003 OSt
005 20220918222036.0
006 a|||||r|||| 00| 0
007 ta
008 220917b |||||||| |||| 00| 0 eng d
024 _a215,522
037 _cTextual
040 _aARTS
_cARTS
_beng
041 _2eng
_aeng
082 _aR6941x3,1, N1.1-.4
100 _aVallee Poussin Louis de La
_9142066
245 0 _aAbhidharma kosa bhasyam
260 _aBerkeley
_bAsian humanities press
_c1991
650 _aBUDDHISM - HINAYANA
_963760
700 _a Pruden Leo M. Tr.
_9142067
942 _hR6941x3,1, N1.1-.4
_cTEXL
_2CC
999 _c274407
_d274407